Yeruldelgger Mortenella atreppa

में बचाया:
ग्रंथसूची विवरण
मुख्य लेखक: Ian Manook
स्वरूप: पुस्तक
भाषा:अज्ञात या अवैध भाषा
प्रकाशित: Darkside
टैग: टैग जोड़ें
कोई टैग नहीं, इस रिकॉर्ड को टैग करने वाले पहले व्यक्ति बनें!

MARC

LEADER 00000nam a2200000Ia 4500
001 R-437
003 CODICE-MESSINA
005 20260212102451.0
008 260211s9999 xx 000 0 und d
040 |c importazione_messina 
100 |a Ian Manook 
245 0 |a Yeruldelgger 
245 0 |b Mortenella atreppa 
260 |b Darkside 
942 |2 ddc  |c BK 
952 |0 0  |1 0  |2 ddc  |4 0  |6 SCAFFALE_4_000000000000000__ROMANZI  |7 0  |9 31257  |a ME  |b ME  |d 2026-02-11  |l 0  |o SCAFFALE 4 - ROMANZI  |p R-437  |r 2026-02-11 23:52:26  |w 2026-02-11  |x [REVISIONARE]  |y BK 
999 |c 26921  |d 26921